| 000 | 01133nam a22002657a 4500 | ||
|---|---|---|---|
| 005 | 20170124103033.0 | ||
| 010 | _aB-074137 | ||
| 020 | _c125.00 | ||
| 035 | _aB-074137 | ||
| 037 | _bCen Lib/Ret | ||
| 040 |
_aDPL _bHN |
||
| 082 |
_aउ _bकलंक |
||
| 245 |
_aकलंक / _cअनुवादक रीमा पाराशर ; संपादक वेद प्रकाश सोनी |
||
| 246 |
_aKalankh / _banuvadak Reema Parashar ; Ved Prakash Soni |
||
| 260 |
_aदिल्ली _bशब्द सागर _c2003 |
||
| 270 |
_a430, महरम मोहल्ला, शाहदरा _bदिल्ली _e110032 |
||
| 300 |
_a110पृ. _c20सेमी (सजिल्द ) |
||
| 650 |
_aहिंदी साहित्य _x _z _9102701 |
||
| 650 |
_aहिंदी साहित्य--उपन्यास _v _9102702 |
||
| 650 |
_aHindi literature _9102703 |
||
| 650 |
_aHindi literature--Novel _9102704 |
||
| 700 |
_aपाराशर, रीमा _9102705 |
||
| 700 |
_aसोनी, वेद प्रकाश _964636 |
||
| 942 |
_2ddc _cHN _hउ _mकलंक |
||
| 999 |
_c116064 _d116064 |
||